Not just a housewife / (Record no. 138530)

MARC details
000 -LEADER
fixed length control field 00533nam a22001817a 4500
005 - DATE AND TIME OF LATEST TRANSACTION
control field 20170329123257.0
010 ## - LCCN (DPL NO)
LC control number ENG-117627
020 ## - INTERNATIONAL STANDARD BOOK NUMBER
International Standard Book Number 9789382524465
Terms of availability 200.00
035 ## - SYSTEM CONTROL NUMBER
System control number EN-101159
037 ## - SOURCE OF ACQUISITION
Source of stock number/acquisition DABD/PUB
082 ## - DEWEY DECIMAL CLASSIFICATION NUMBER
Classification number 881
100 ## - MAIN ENTRY--PERSONAL NAME
Personal name Cecilia Abraham
245 ## - TITLE STATEMENT
Title Not just a housewife /
Statement of responsibility, etc by Cecilia Abraham
260 ## - PUBLICATION, DISTRIBUTION, ETC. (IMPRINT)
Place of publication, distribution, etc New Delhi
Name of publisher, distributor, etc The Book Line
Date of publication, distribution, etc 2017
270 ## - ADDRESS
Address 106,4787 23,Ist Floor,Ansari Road,Daryaganj
City New Delhi
Postal code 110001
300 ## - PHYSICAL DESCRIPTION
Extent 65p. :
Dimensions 18cm(Hb)
Other physical details ill.
942 ## - ADDED ENTRY ELEMENTS (KOHA)
Source of classification or shelving scheme Dewey Decimal Classification
Item type English Books
Classification part 881
Call number suffix CEC
Holdings
Withdrawn status Lost status Not for loan Collection code Home library Current library Date acquired Source of acquisition Cost, normal purchase price Full call number Barcode Copy number Cost, replacement price Koha item type
    Not For Loan Non-fiction D.B.Act.Division Bawana 29/03/2017 DBAD/PUB 200.00 881 CEC EN-101159 1 200.00 English Books

© Delhi Public Library
Hit Counter
free hit counter